_Tourism change ,impacts and opportunities (Record no. 5313)
[ view plain ]
| 000 -LEADER | |
|---|---|
| fixed length control field | 00413nam a2200145Ia 4500 |
| 008 - FIXED-LENGTH DATA ELEMENTS--GENERAL INFORMATION | |
| fixed length control field | 151019s9999 xx 000 0 und d |
| 020 ## - INTERNATIONAL STANDARD BOOK NUMBER | |
| International Standard Book Number | 130994006 |
| 050 ## - LIBRARY OF CONGRESS CALL NUMBER | |
| Classification number | G155.A1M35 2006 |
| 245 ## - TITLE STATEMENT | |
| Title | _Tourism change ,impacts and opportunities |
| 260 ## - PUBLICATION, DISTRIBUTION, ETC. (IMPRINT) | |
| Place of publication, distribution, etc. | U S A pearson 2006 |
| 300 ## - PHYSICAL DESCRIPTION | |
| Extent | includes index,bibliography |
| 500 ## - GENERAL NOTE | |
| General note | _tourism |
| 650 ## - SUBJECT ADDED ENTRY--TOPICAL TERM | |
| Topical term or geographic name as entry element | _Alister Mathieson |
| 700 ## - ADDED ENTRY--PERSONAL NAME | |
| Personal name | ^d20110111 03:40:37^okilerai |
No items available.